| 000 | 00499nam a22001577a 4500 | ||
|---|---|---|---|
| 008 | 171207b xxu||||| |||| 00| 0 eng d | ||
| 020 | _a0471123668 | ||
| 082 |
_219995 _aDC 515 _bSa3 |
||
| 245 |
_aSalas and Hille's calculus : _b one variable / _crevised by Garret J. Etgen. |
||
| 250 | _aSeventh edition. | ||
| 260 |
_aNew York : _bWiley, _c©1995. |
||
| 300 |
_axix, 771, [80] pages : _b color illustrations ; _c26 cm. |
||
| 500 | _aIncludes index. | ||
| 650 | 0 |
_924460 _aCalculus. |
|
| 942 |
_2ddc _cDC |
||
| 999 |
_c7954 _d7954 |
||